| 000 | 00331nam a2200133Ia 4500 | ||
|---|---|---|---|
| 008 | 210210b1988 xxu||||| |||| 00| 0 eng d | ||
| 082 | _a910.4 TONL | ||
| 100 | _aTONSING-CARTER (Betty). | ||
| 245 | _aLet's visit Lesotho. | ||
| 260 |
_aLondon _bMacmillan Publishers Ltd. _c1988 |
||
| 300 | _a96 | ||
| 690 | _aAtlas | ||
| 906 | _a047006 | ||
| 999 |
_c96083 _d96083 |
||